000 00363nam a22001217a 4500
999 _c1097
_d1097
005 20200824155715.0
008 200824b ||||| |||| 00| 0 eng d
020 _a0333273931
040 _cCML
245 _aMacmillan Children's Enc.yclopedia
_cSealey, G.
260 _aLondon
_bMacmillan
_c1980
942 _2ddc
_cBK
_eSecond Edition
_h032
_kR032
_mSEA